Novela zákona o službách zamestnanosti s účinnosťou od 1.5.2017
Jednotlivé legislatívne zmeny novelizovaného zákona účinné od 1. mája 2017. Komentár a príklady z praxe.
Salvato in:
| Autore principale: | |
|---|---|
| Natura: | Capitolo di libro |
| Lingua: | slovacco |
| Soggetti: | |
| Tags: |
Nessun Tag, puoi essere il primo ad aggiungerne!!
|
MARC
| LEADER | 00000naa a2200000 4500 | ||
|---|---|---|---|
| 001 | 0233303 | ||
| 005 | 20170615110311.5 | ||
| 041 | 0 | |a slo | |
| 044 | |a SK | ||
| 245 | 1 | 0 | |a Novela zákona o službách zamestnanosti s účinnosťou od 1.5.2017 |c Slavomíra Gejdošová |
| 520 | |a Jednotlivé legislatívne zmeny novelizovaného zákona účinné od 1. mája 2017. Komentár a príklady z praxe. | ||
| 610 | 2 | 0 | |a novelizácia |
| 610 | 2 | 0 | |a zákony |
| 610 | 2 | 0 | |a služby zamestnanosti |
| 610 | 2 | 0 | |a zamestnanci |
| 610 | 2 | 0 | |a zamestnávatelia |
| 610 | 2 | 0 | |a práca |
| 610 | 2 | 0 | |a vzťahy pracovnoprávne |
| 610 | 2 | 0 | |a prax absolventská |
| 610 | 2 | 0 | |a dielne chránené |
| 100 | 1 | |a Gejdošová, Slavomíra | |